000 00490ntaaa2200193 4500
003 01
005 20251027200857.0
008 0714s1973 ag 01
040 _aAR-BaBN
_bspa
_cAR-BaBN
_eaacr
_dRIC
082 _a780 C81
100 _aDella Corte, A.
245 _aDiccionario de la música /
_cA. Della Corte, G. M. Gatti
250 _a1 ed.
260 _aBuenos Aires :
_bRicordi,
_c1949
300 _a633 p
650 _aMusica-Historia
700 _aGatti, G. M.
_95425
942 _cBK
999 _c2841
_d2841